Hakku karthavyagalu: ondu parikalpanAtmaka adhyayana (Record no. 215319)

MARC details
000 -LEADER
fixed length control field 00806nam a2200229Ia 4500
003 - CONTROL NUMBER IDENTIFIER
control field OSt
005 - DATE AND TIME OF LATEST TRANSACTION
control field 20251126150534.0
008 - FIXED-LENGTH DATA ELEMENTS--GENERAL INFORMATION
fixed length control field 210719s2009 xx 000 0 und d
040 ## - CATALOGING SOURCE
Transcribing agency AL
041 ## - LANGUAGE CODE
Language code of text/sound track or separate title Kannada
082 ## - DEWEY DECIMAL CLASSIFICATION NUMBER
Classification number 361.614K REVH
100 ## - MAIN ENTRY--PERSONAL NAME
Personal name REVAYYA ODEYAR
Dates associated with a name ರೇವಯ್ಯ ಒಡೆಯರ್
9 (RLIN) 246893
245 ## - TITLE STATEMENT
Title Hakku karthavyagalu: ondu parikalpanAtmaka adhyayana
Remainder of title ಹಕ್ಕು ಕರ್ತವ್ಯಗಳು: ಒಂದು ಪರಿಕಲ್ಪನಾತ್ಮಕ ಅಧ್ಯಯನ
260 ## - PUBLICATION, DISTRIBUTION, ETC.
Place of publication, distribution, etc. BengaLUru
Date of publication, distribution, etc. 2009
300 ## - PHYSICAL DESCRIPTION
Extent viii,172
Other physical details PB
365 ## - TRADE PRICE
Price amount 125
Currency code Rs
440 ## - SERIES STATEMENT/ADDED ENTRY--TITLE
Title KAnUnu parichaya mAlike
9 (RLIN) 246894
650 ## - SUBJECT ADDED ENTRY--TOPICAL TERM
Topical term or geographic name entry element Human Rights
9 (RLIN) 246895
650 ## - SUBJECT ADDED ENTRY--TOPICAL TERM
Topical term or geographic name entry element Human Rights
9 (RLIN) 246895
906 ## - LOCAL DATA ELEMENT F, LDF (RLIN)
a adhyayana ; Hakku ; karthavyagaLu: ; ondu ; parikalpanAtmaka
942 ## - ADDED ENTRY ELEMENTS (KOHA)
Source of classification or shelving scheme Dewey Decimal Classification
Koha item type Book
Holdings
Withdrawn status Lost status Source of classification or shelving scheme Damaged status Not for loan Collection code Home library Current library Date acquired Source of acquisition Cost, normal purchase price Total Checkouts Full call number Barcode Date last seen Price effective from Koha item type
    Dewey Decimal Classification     Kannada St Aloysius Library St Aloysius Library 05/09/2011 Prof E Vi NavaDa, kannaDa vishvavidyAlaya, hampi 125.00   361.614K REVH D03936 07/19/2021 07/19/2021 Donated Books